Avant qu'elle parte - sexion d'assaut - Statistiques

Statistiques générales
  • Ce quiz a été pris 239 fois
  • Le résultat moyen est 512 sur 675
Statistiques - réponses
Paroles % Correct
à
96%
a
96%
À
96%
A
96%
ta
96%
Couplet 2 : Maska Ta
96%
tu
96%
ma
95%
la
94%
l'a
94%
94%
me
94%
mais
93%
Mais
93%
pour
93%
Pour
93%
ce
91%
Elle
91%
elle
91%
est
91%
le
91%
pas
91%
que
91%
tout
91%
lui
90%
par
90%
avant
89%
Avant
89%
qu'elle
89%
Refrain : Maître Gims Et
88%
et
88%
toi
88%
amie
87%
dire
87%
meilleure
87%
monde
87%
ne
87%
quand
87%
Quand
87%
reste
87%
te
87%
vie
87%
contre
86%
de
86%
mère
86%
même
85%
Même
85%
t'aime
85%
un
85%
n'oses
84%
je
83%
Couplet 5 : Maître Gims Je
83%
perde
83%
une
83%
ces
82%
l'aimes
82%
les
82%
l'es
82%
part
82%
représente
82%
T'aimerais
81%
tes
81%
Tes
81%
t'es
81%
T'es
81%
en
80%
c'est
79%
C'est
79%
du
79%
Maman
79%
maman
79%
fuis
77%
pourtant
77%
jamais
76%
qui
76%
son
76%
amour
75%
foi
75%
insensible
75%
75%
ou
75%
ton
75%
toute
75%
moi
74%
on
74%
On
74%
si
74%
Si
74%
fleur
73%
fois
73%
mes
73%
rare
73%
au
72%
Au
72%
compte
72%
des
72%
Couplet 4 : Barack Adama & Lefa Des
72%
Intro Insensé
72%
L'en
72%
n'ai
72%
ont
71%
Couplet 1 : Doomams Pardonne-moi
71%
Toutes
71%
donc
70%
donné
70%
rebours
70%
tuer
70%
veux
70%
j'ai
69%
mal
69%
bonne
68%
car
68%
daron
68%
d'être
68%
parte
68%
parti
68%
priver
67%
bras
66%
Dis-lui
66%
dis-lui
66%
douté
66%
frères
66%
insomnies
66%
plus
66%
qu'tu
66%
raccrocher
66%
sûr
66%
sur
66%
t'as
66%
T'as
66%
t'en
66%
toit
66%
tous
66%
voir
66%
dans
65%
meuf
65%
n’abrège
65%
nombril
65%
suis
65%
celui
64%
comme
64%
coupable
64%
donner
64%
grands
64%
Couplet 3 : Black M J'suis
64%
manière
64%
menace
64%
prie
64%
pris
64%
répétitions
64%
sein
64%
t'appelle
64%
avec
63%
jour
63%
pâle
63%
regrettes
63%
tête
63%
vite
63%
vous
63%
alors
62%
dernière
62%
idiote
62%
lieu
62%
mois
62%
n'est
62%
place
62%
premiers
62%
quitter
62%
seule
62%
12
61%
aimerait
61%
bronzé
61%
commissariat
61%
fiancée
61%
heures
61%
jeter
61%
juste
61%
leçons
61%
musicien
61%
potes
61%
sous
61%
t’abreuves
61%
tôt
61%
ceux
60%
cris
60%
deux
60%
encore
60%
habité
60%
haut
60%
l'amour
60%
mourir
60%
passé
60%
permanent
60%
personne
60%
phone
60%
t'oublies
60%
trois
60%
changé
59%
durant
59%
entendre
59%
éviter
59%
frappes
59%
l'inspection
59%
mentir
59%
oublié
59%
sourire
59%
t'étais
59%
chute
58%
daronne
58%
Devant
58%
devenu
58%
entre
58%
ferme
58%
garde-à-vue,
58%
larmes
58%
messages
58%
Oh
58%
portes
58%
rides
58%
taille
58%
t'enterre
58%
tiens
58%
voix
58%
cette
57%
conflictuelle
57%
maudis
57%
peut
57%
qu'une
57%
répondre
57%
clashs
56%
égoïsme
56%
Exactement
56%
faisait
56%
perquisitions
56%
porter
56%
prennes
56%
s'évader
56%
supporte
56%
tenue
56%
donnais
55%
mort
55%
remplacer
55%
valides
55%
jusqu'à
54%
J'veux
54%
parole
54%
partent
54%
qu'elles
54%
rester
54%
tombais
54%
absence
53%
dates
53%
plaies
53%
surement
53%
aimez
52%
bas
52%
devais
52%
poumons
52%
rapprocher
52%
rendu
52%
sans
52%
semaine
52%
tombé
52%
venir
52%
paix
51%
repose
51%
afin
50%
Crois-moi
50%
Dites-leur
50%
mieux
50%
passée
50%
regarde-moi
50%
bout
49%
d'une
49%
n'arrête
49%
Aujourd'hui
48%
d'attentes
48%
ferais
48%
myope
48%
Réconforte-moi
48%
tomber
48%
Est-ce
47%
j'aimerais
47%
d'haut
46%
files
46%
fort
46%
j'pourrais
46%
m'empêchent
46%
as
45%
Couplet 6 : JR O Crom Simplement
45%
d'encre
44%
t'serrer
44%
T'serrer
44%
contenter
43%
très
43%
continuerai
42%
craque
42%
nous
40%
tant
39%
corps
38%
pis
38%
âme
37%
piquaient
37%
plaisir
37%
d'la
32%
fais-lui
32%
l'enfant
32%
joue
29%
Poto
28%
akhi
23%
DDASS
8%
Aucun quiz correspondant
Distribution des résultats
% des personnes avec chaque résultat
Percentile par nombre de réponses
Votre historique - résultats
Vous n’avez pas pris ce quiz